Les chanson Disney des années 1990-1999 - Statistiques

Statistiques générales
  • Ce quiz a été pris 177 fois
  • Le résultat moyen est 33 sur 51
Statistiques - réponses
Hint Réponse % Correct
Hakuna Matata Le Roi Lion
97%
Prince Ali Aladdin
96%
De zéro en héros Hercule
96%
L'Air du Vent Pocahontas, une légende indienne
96%
Je voudrai déjà être roi Le Roi Lion
94%
L'Amour brille sous les étoiles Le Roi Lion
91%
Comme un homme Mulan
91%
Belle La Belle et la Bête
90%
Les cloches de Notre-Dame Le Bossu de Notre-Dame
89%
Gaston La Belle et la Bête
88%
La Belle et la Bête La Belle et la Bête
88%
Nuits d'Arabie Aladdin
87%
Ce rêve bleu Aladdin
86%
SOS Société Bernard et Bianca au pays des Kangourou
86%
Tuons la Bête La Belle et la Bête
86%
Au détour de la rivière Pocahontas, une légende indienne
86%
C'est la fête La Belle et la Bête
83%
Soyez prêtes Le Roi Lion
81%
L'histoire de la vie Le Roi Lion
81%
Je veux savoir Tarzan
81%
Je vole Aladdin
80%
Enfant de l'homme Tarzan
80%
Histoire éternelle La Belle et la Bête
76%
Des sauvages Pocahontas, une légende indienne
74%
Jamais je n'avouerai Hercule
73%
Je suis ton meilleur ami Aladdin
72%
Les bannis ont droit d'amour Le Bossu de Notre-Dame
71%
Une belle fille à aimer Mulan
69%
La cour des miracles Le Bossu de Notre-Dame
65%
Honneur à tous Mulan
62%
L'Or de Virginie Pocahontas, une légende indienne
62%
Le gospel pur Hercule
61%
Réflexions Mulan
59%
Humains à nouveau La Belle et la Bête
57%
Le rapport du matin Le Roi Lion
56%
Le Monde qui est le mien Hercule
55%
Au son calme des tam-tams Pocahontas, une légende indienne
55%
Virginie Compagnie Pocahontas, une légende indienne
48%
Infernale Le Bossu de Notre-Dame
47%
Rien qu'un jour Le Bossu de Notre-Dame
46%
Une étoile est née Hercule
43%
Entre deux mondes Tarzan
43%
Charivari Le Bossu de Notre-Dame
37%
Je ne savais pas La Belle et la Bête
32%
Un gars comme toi Le Bossu de Notre-Dame
30%
Il me reste un espoir Hercule
25%
Toujours dans mon cœur Tarzan
25%
Prologue La Belle et la Bête
22%
Une douce lueur Le Bossu de Notre-Dame
21%
Écoute ton cœur Pocahontas, une légende indienne
14%
Si je ne t'avais pas connu Pocahontas, une légende indienne
11%
Aucun quiz correspondant
Distribution des résultats
% des personnes avec chaque résultat
Percentile par nombre de réponses
Votre historique - résultats
Vous n’avez pas pris ce quiz